[Event "Bayern-chI Bank Hofmann 25th"]
[Site "Tegernsee"]
[Date "2022.11.11"]
[Round "7"]
[White "Koop, Thilo"]
[Black "Krause, Jonah"]
[Result "0-1"]
[WhiteElo "2133"]
[BlackElo "2390"]
[PlyCount "130"]
[EventDate "2022.11.05"]
[EventType "swiss"]
[EventRounds "9"]
[EventCountry "GER"]
[SourceTitle "CBM 211 Extra"]
[Source "ChessBase"]
[SourceDate "2023.01.31"]
[SourceVersion "1"]
[SourceVersionDate "2023.01.31"]
[SourceQuality "1"]

1. e4 c5 2. Nf3 e6 3. d4 cxd4 4. Nxd4 Nc6 5. Nc3 Qc7 6. Be3 a6 7. Be2 Nf6 8. 0-0 Be7 9. f4 d6 10. Qe1 0-0 11. Qg3 Nxd4 12. Bxd4 b5 13. Bd3 Bb7 14. Rae1 Rad8 15. Kh1 Qd7 16. Bxf6 Bxf6 17. e5 dxe5 18. fxe5 Be7 19. Qh3 g6 20. a3 Qd4 21. Be4 Bxe4 22. Nxe4 Qxe5 23. Nf6+ Qxf6 24. Rxf6 Bxf6 25. b3 Be7 26. a4 Rc8 27. axb5 axb5 28. Qd3 b4 29. Rf1 Rc7 30. g3 Rd8 31. Qf3 Bf8 32. Rd1 Rdc8 33. Rf1 h5 34. Rf2 Rd7 35. Kg2 Rc3 36. Qa8 Rdc7 37. Qe4 Rd7 38. Qa8 Rcc7 39. Kh3 Rd5 40. Re2 Rd4 41. Rf2 Rd5 42. Kg2 Rcd7 43. Qc8 Rd8 44. Qc7 R5d7 45. Qc4 Rd2 46. Qf4 Rxf2+ 47. Qxf2 Bg7 48. Qf4 Bc3 49. Qe4 Rd4 50. Qa8+ Kg7 51. Kf3 Rd2 52. h4 Rxc2 53. g4 hxg4+ 54. Kxg4 Rd2 55. h5 Rd4+ 56. Kf3 gxh5 57. Qb8 Rg4 58. Qd6 Rg5 59. Qd8 Rd5 60. Qe7 Kg6 61. Ke4 h4 62. Qf8 h3 63. Qg8+ Bg7 64. Kf3 h2 65. Kg2 Rh5 0-1

[Event "GER CupT 1920 prel5"]
[Site "Hameln"]
[Date "2020.01.11"]
[Round "1.4"]
[White "Hausmann, Marcus"]
[Black "Koop, Thilo"]
[Result "0-1"]
[WhiteElo "1916"]
[BlackElo "2165"]
[PlyCount "40"]
[EventDate "2020.01.11"]
[EventType "team-k.o."]
[EventRounds "2"]
[EventCountry "GER"]
[SourceTitle "EXT 2021"]
[Source "ChessBase"]
[SourceDate "2020.10.23"]
[SourceVersion "1"]
[SourceVersionDate "2020.10.23"]
[SourceQuality "1"]
[WhiteTeam "DBSB Auswahl"]
[BlackTeam "Luebeck SV"]
[WhiteTeamCountry "GER"]
[BlackTeamCountry "GER"]

1. d4 d5 2. Nf3 Nc6 3. Bf4 Bg4 4. Nbd2 e6 5. c3 Bd6 6. e3 Nf6 7. Qc2 Bf5 8. Bd3 Bxd3 9. Qxd3 h6 10. Ne5 Bxe5 11. dxe5 Nd7 12. Qb5 0-0 13. Nf3 Rb8 14. h4 Qe7 15. 0-0-0 Qc5 16. Qe2 b5 17. Kb1 b4 18. c4 Nb6 19. cxd5 Nxd5 20. Nd4 Nxf4 0-1

[Event "Schleswig Holstein-ch Meisterklasse"]
[Site "Bad Segeberg"]
[Date "2018.03.30"]
[Round "9.3"]
[White "Homuth, Manfred"]
[Black "Koop, Thilo"]
[Result "1/2-1/2"]
[WhiteElo "2131"]
[BlackElo "2168"]
[PlyCount "57"]
[EventDate "2018.03.24"]
[EventType "swiss"]
[EventRounds "9"]
[EventCountry "GER"]
[SourceTitle "EXT 2022"]
[Source "ChessBase"]
[SourceDate "2021.10.06"]
[SourceVersion "1"]
[SourceVersionDate "2021.10.06"]
[SourceQuality "1"]

1. e4 e5 2. Bc4 Nf6 3. d3 c6 4. Nf3 Be7 5. 0-0 d6 6. Re1 0-0 7. c3 Qc7 8. Nbd2 Nbd7 9. Bb3 a5 10. d4 b5 11. Nf1 Nb6 12. a3 a4 13. Bc2 h6 14. Ng3 Be6 15. Bb1 Rfc8 16. Nh4 Bf8 17. Nhf5 Kh7 18. Qf3 Nbd7 19. Bc2 g6 20. Ne3 exd4 21. cxd4 Bg7 22. Bd2 c5 23. d5 Ne5 24. Qe2 Bd7 25. h3 Rab8 26. Rad1 b4 27. Rc1 Bb5 28. Qd1 bxa3 29. bxa3 1/2-1/2

[Event "Schleswig Holstein-ch Meisterklasse"]
[Site "Ratzeburg"]
[Date "2017.04.13"]
[Round "2.1"]
[White "Koop, Thilo"]
[Black "Krueger, Wolfgang"]
[Result "1/2-1/2"]
[WhiteElo "2181"]
[BlackElo "2120"]
[PlyCount "36"]
[EventDate "2017.04.13"]
[EventType "tourn"]
[EventRounds "9"]
[EventCountry "GER"]
[SourceTitle "EXT 2022"]
[Source "ChessBase"]
[SourceDate "2021.10.06"]
[SourceVersion "1"]
[SourceVersionDate "2021.10.06"]
[SourceQuality "1"]

1. e4 c6 2. Nf3 g6 3. d4 Bg7 4. Nc3 d5 5. h3 dxe4 6. Nxe4 Nd7 7. Bc4 Ngf6 8. Nxf6+ Nxf6 9. Qe2 Qd6 10. c3 0-0 11. 0-0 b5 12. Bb3 c5 13. Qxb5 Ba6 14. dxc5 Bxb5 15. cxd6 Bxf1 16. dxe7 Rfe8 17. Kxf1 Rxe7 18. Be3 Ne4 1/2-1/2

[Event "Schleswig Holstein-ch Meisterklasse"]
[Site "Ratzeburg"]
[Date "2017.04.13"]
[Round "6.1"]
[White "Koop, Thilo"]
[Black "Moeller, Dustin"]
[Result "1/2-1/2"]
[WhiteElo "2181"]
[BlackElo "2060"]
[PlyCount "117"]
[EventDate "2017.04.13"]
[EventType "tourn"]
[EventRounds "9"]
[EventCountry "GER"]
[SourceTitle "EXT 2022"]
[Source "ChessBase"]
[SourceDate "2021.10.06"]
[SourceVersion "1"]
[SourceVersionDate "2021.10.06"]
[SourceQuality "1"]

1. e4 e6 2. d4 d5 3. e5 c5 4. c3 Bd7 5. Nf3 Nc6 6. dxc5 Bxc5 7. b4 Be7 8. Bd3 Qc7 9. Bf4 g5 10. Bg3 g4 11. Nd4 Nxd4 12. cxd4 Bxb4+ 13. Kf1 Rc8 14. Nd2 a5 15. Nb3 a4 16. Rc1 Qb6 17. Rxc8+ Bxc8 18. Nc5 Bxc5 19. Qxa4+ Bd7 20. Qa8+ Qd8 21. Qxd8+ Kxd8 22. dxc5 Kc7 23. h3 gxh3 24. Rxh3 Ne7 25. Rh6 Ra8 26. Rxh7 Be8 27. Bh4 Nc6 28. g4 Kc8 29. Rh8 Kd7 30. g5 Nxe5 31. g6 fxg6 32. Bb5+ Nc6 33. Rh7+ Kc8 34. a4 Kb8 35. Bg3+ Ka7 36. Bc7 Rc8 37. a5 Nb4 38. Be2 Bc6 39. Bb6+ Kb8 40. Rg7 Re8 41. Rxg6 d4 42. Bc4 Nd5 43. Ke1 Nf4 44. Rg7 Nd5 45. f4 Ne3 46. Bd3 Nd5 47. Be4 Rh8 48. Bxd5 Bxd5 49. Kd2 Be4 50. Rd7 d3 51. Kc3 Re8 52. Kd2 Rh8 53. Rd6 Re8 54. Ke3 Bf5 55. Kd4 Rc8 56. Ke5 Re8 57. Rd7 Rc8 58. Rd6 Re8 59. Rd7 1/2-1/2

[Event "Schleswig Holstein-ch Meisterklasse"]
[Site "Ratzeburg"]
[Date "2017.04.13"]
[Round "8.1"]
[White "Koop, Thilo"]
[Black "Schwarz, Frank"]
[Result "0-1"]
[WhiteElo "2181"]
[BlackElo "2213"]
[PlyCount "88"]
[EventDate "2017.04.13"]
[EventType "tourn"]
[EventRounds "9"]
[EventCountry "GER"]
[SourceTitle "EXT 2022"]
[Source "ChessBase"]
[SourceDate "2021.10.06"]
[SourceVersion "1"]
[SourceVersionDate "2021.10.06"]
[SourceQuality "1"]

1. d4 Nf6 2. Nc3 d5 3. Bg5 Nbd7 4. e3 c6 5. Bd3 e5 6. dxe5 Nxe5 7. Nf3 Nxd3+ 8. cxd3 Be7 9. h3 Qb6 10. Rb1 h6 11. Bh4 Bf5 12. 0-0 Rd8 13. Qc2 Bh7 14. Rbd1 0-0 15. a3 Rfe8 16. b4 a5 17. Na4 Qa7 18. Bxf6 Bxf6 19. Qc5 Qa6 20. bxa5 Bxd3 21. Rfe1 Be7 22. Qc3 Be4 23. Nd2 Bf6 24. Qb4 Bf5 25. Nc5 Qa7 26. Rc1 Be7 27. Ndb3 Rb8 28. Qf4 Bg6 29. Qc7 Bd8 30. Qd6 Bxa5 31. Nxa5 Qxa5 32. e4 dxe4 33. Nxe4 Rbd8 34. Qc5 Qc7 35. f3 Qf4 36. Qc4 Kh8 37. Qb4 Bxe4 38. fxe4 Rd2 39. Kh1 Qg5 40. Rg1 Rxg2 41. Qxb7 Rxg1+ 42. Rxg1 Qh4 43. Kh2 Qf4+ 44. Rg3 Rb8 0-1

[Event "Schleswig Holstein-ch Meisterklasse"]
[Site "Ratzeburg"]
[Date "2017.04.13"]
[Round "5.1"]
[White "Svane, Frederik"]
[Black "Koop, Thilo"]
[Result "0-1"]
[WhiteElo "2155"]
[BlackElo "2181"]
[PlyCount "44"]
[EventDate "2017.04.13"]
[EventType "tourn"]
[EventRounds "9"]
[EventCountry "GER"]
[SourceTitle "EXT 2022"]
[Source "ChessBase"]
[SourceDate "2021.10.06"]
[SourceVersion "1"]
[SourceVersionDate "2021.10.06"]
[SourceQuality "1"]

1. c4 Nc6 2. Nc3 Nf6 3. g3 e5 4. Bg2 Bc5 5. e3 d5 6. Nxd5 Nxd5 7. cxd5 Nb4 8. Qb3 c6 9. Qc3 cxd5 10. Qxe5+ Be7 11. Kf1 0-0 12. Bh3 Bf6 13. Qh5 Qc7 14. Kg2 Qc4 15. Qd1 Nd3 16. Nf3 Qe4 17. Bxc8 Raxc8 18. Qe2 Rc6 19. Rd1 Rfc8 20. Qf1 g5 21. h3 h5 22. Kh2 Qxf3 0-1

[Event "Berlin Lichtenberger op 15th"]
[Site "Berlin"]
[Date "2016.08.21"]
[Round "9"]
[White "Koop, Thilo"]
[Black "Rosmann, Ilja"]
[Result "1/2-1/2"]
[WhiteElo "2156"]
[BlackElo "2289"]
[PlyCount "130"]
[EventDate "2016.08.13"]
[EventType "swiss"]
[EventRounds "9"]
[EventCountry "GER"]
[SourceTitle "CBM 173 Extra"]
[Source "ChessBase"]
[SourceDate "2016.08.29"]
[SourceVersion "1"]
[SourceVersionDate "2016.08.29"]
[SourceQuality "1"]

1. d4 Nf6 2. Nc3 d5 3. Bg5 Nbd7 4. e3 e6 5. Nf3 Be7 6. Bd3 a6 7. 0-0 c5 8. Re1 0-0 9. Ne5 Nxe5 10. dxe5 Nd7 11. Bxe7 Qxe7 12. f4 f6 13. Qh5 f5 14. g4 g6 15. Qh3 b5 16. gxf5 gxf5 17. Kf2 b4 18. Rg1+ Kh8 19. Rg5 Nxe5 20. Qh4 Ng6 21. Qh6 Qg7 22. Rxg6 Qxh6 23. Rxh6 bxc3 24. bxc3 c4 25. Be2 Bd7 26. Rg1 Rg8 27. Rg5 Rab8 28. h4 Rb2 29. h5 Rf8 30. e4 fxe4 31. f5 exf5 32. Rd6 Bb5 33. h6 Be8 34. Rd8 Rxc2 35. Ke1 Rxe2+ 36. Kxe2 Bh5+ 37. Rxh5 Rxd8 38. Rxf5 Kg8 39. Rf6 Rf8 40. Rxa6 Rf3 41. Rd6 Rd3 42. Rd7 Rxc3 43. Rxd5 Kf7 44. a4 Ke6 45. Rg5 Ra3 46. a5 c3 47. Ke3 c2+ 48. Kd2 Rc3 49. Kc1 Rc6 50. Rg2 Ke5 51. Rxc2 Rxh6 52. Kd1 Kd4 53. Ke2 Rh2+ 54. Kd1 Rh1+ 55. Ke2 Ra1 56. Rd2+ Ke5 57. Rd7 Ra2+ 58. Ke3 Ra3+ 59. Ke2 h6 60. Rh7 Ra2+ 61. Ke3 Ra3+ 62. Ke2 Ra1 63. Re7+ Kf5 64. Rh7 Kf4 65. Rf7+ Ke5 1/2-1/2

[Event "Berlin Lichtenberger op 15th"]
[Site "Berlin"]
[Date "2016.08.16"]
[Round "4"]
[White "Koop, Thilo"]
[Black "Schnabel, Ralf"]
[Result "1/2-1/2"]
[WhiteElo "2156"]
[BlackElo "2235"]
[PlyCount "78"]
[EventDate "2016.08.13"]
[EventType "swiss"]
[EventRounds "9"]
[EventCountry "GER"]
[SourceTitle "CBM 173 Extra"]
[Source "ChessBase"]
[SourceDate "2016.08.29"]
[SourceVersion "1"]
[SourceVersionDate "2016.08.29"]
[SourceQuality "1"]

1. Nc3 Nf6 2. d4 d5 3. Bg5 Nbd7 4. Nf3 h6 5. Bh4 e6 6. e3 c5 7. Bd3 Be7 8. 0-0 a6 9. Re1 b5 10. e4 Bb7 11. exd5 Nxd5 12. Ne4 Qb6 13. Bxe7 Nxe7 14. Ne5 cxd4 15. Nxd7 Kxd7 16. Qf3 f5 17. Nc5+ Qxc5 18. Qxb7+ Kd6 19. Qf3 e5 20. Bxf5 Rhf8 21. b4 Qc4 22. Bd3 Rxf3 23. Bxc4 bxc4 24. gxf3 Nd5 25. a3 Rf8 26. Kg2 g5 27. Re4 Nf4+ 28. Kf1 Ng6 29. Ke2 Nh4 30. Rxh4 gxh4 31. Rg1 Rf6 32. Rg4 a5 33. bxa5 Kd5 34. Rxh4 Ra6 35. Rh5 Rxa5 36. f4 Rxa3 37. Rxe5+ Kd6 38. Rh5 Ra2 39. Kd1 Ra1+ 1/2-1/2

[Event "Berlin Lichtenberger op 15th"]
[Site "Berlin"]
[Date "2016.08.15"]
[Round "3"]
[White "Figura, Atila Gajo"]
[Black "Koop, Thilo"]
[Result "1/2-1/2"]
[WhiteElo "2374"]
[BlackElo "2156"]
[PlyCount "86"]
[EventDate "2016.08.13"]
[EventType "swiss"]
[EventRounds "9"]
[EventCountry "GER"]
[SourceTitle "CBM 173 Extra"]
[Source "ChessBase"]
[SourceDate "2016.08.29"]
[SourceVersion "1"]
[SourceVersionDate "2016.08.29"]
[SourceQuality "1"]

1. d4 d5 2. c4 Nc6 3. Nc3 Nf6 4. Nf3 dxc4 5. Bg5 h6 6. Bh4 a6 7. e4 Bg4 8. d5 Ne5 9. Bg3 Bxf3 10. gxf3 Nd3+ 11. Bxd3 cxd3 12. Qxd3 Nh5 13. 0-0-0 Nxg3 14. hxg3 Qd6 15. f4 0-0-0 16. e5 Qc5 17. Qf5+ Kb8 18. Qxf7 Qxf2 19. Qg6 e6 20. dxe6 Bb4 21. Rd3 Bxc3 22. Rxc3 Qg2 23. Qh5 Rd2 24. Rd1 Rxb2 25. Qf7 Rc8 26. e7 Rxa2 27. Qxa2 Qxa2 28. Rd8 Qe6 29. e8Q Qxe8 30. Rxe8 Rxe8 31. Kd2 Kc8 32. Ke3 g6 33. Ke4 h5 34. g4 hxg4 35. Rg3 c6 36. Rxg4 Re6 37. Rh4 Kd7 38. Rh7+ Re7 39. Rh8 Kc7 40. Rg8 Re6 41. Rg7+ Kb6 42. Rf7 Re8 43. Rg7 Re6 1/2-1/2

[Event "Oberliga Nord N 1314"]
[Site "Germany"]
[Date "2014.02.09"]
[Round "6.3"]
[White "Koop, Thilo"]
[Black "Zieher, Hartmut"]
[Result "1/2-1/2"]
[WhiteElo "2184"]
[BlackElo "2312"]
[PlyCount "81"]
[EventDate "2013.10.13"]
[EventType "team-tourn"]
[EventRounds "9"]
[EventCountry "GER"]
[SourceTitle "EXT 2015"]
[Source "ChessBase"]
[SourceDate "2014.11.20"]
[SourceVersion "1"]
[SourceVersionDate "2014.11.20"]
[SourceQuality "1"]
[WhiteTeam "Luebeck II"]
[BlackTeam "Hamburger SK III"]
[WhiteTeamCountry "GER"]
[BlackTeamCountry "GER"]

1. d4 d5 2. Bg5 Nf6 3. Nd2 c6 4. e3 Qb6 5. Qc1 Bf5 6. Ngf3 Nbd7 7. Be2 h6 8. Bh4 c5 9. 0-0 Rc8 10. c3 e6 11. Re1 Bd6 12. dxc5 Rxc5 13. Nd4 Bg6 14. N2b3 Rc8 15. Bxf6 Nxf6 16. Bb5+ Ke7 17. f4 e5 18. fxe5 Bxe5 19. Nd2 a6 20. Bf1 Rhe8 21. N2f3 Bb8 22. Nh4 Be4 23. g3 Kf8 24. Bh3 Rcd8 25. Qd2 Nh7 26. Rad1 Rd6 27. Rf1 Ng5 28. Bg2 Rf6 29. Rxf6 Qxf6 30. Rf1 Qe5 31. Ndf3 Qe7 32. Nxg5 Qxg5 33. Bxe4 Rxe4 34. Rf5 Qxe3+ 35. Qxe3 Rxe3 36. Rxd5 Ba7 37. Kf1 g6 38. Rd7 Re7 39. Rd8+ Kg7 40. Ng2 Bb6 41. Rd3 1/2-1/2

[Event "Oberliga Nord N 1314"]
[Site "Germany"]
[Date "2013.11.10"]
[Round "2.2"]
[White "Kaid, Almar"]
[Black "Koop, Thilo"]
[Result "1-0"]
[WhiteElo "2284"]
[BlackElo "2184"]
[PlyCount "83"]
[EventDate "2013.10.13"]
[EventType "team-tourn"]
[EventRounds "9"]
[EventCountry "GER"]
[SourceTitle "EXT 2015"]
[Source "ChessBase"]
[SourceDate "2014.11.20"]
[SourceVersion "1"]
[SourceVersionDate "2014.11.20"]
[SourceQuality "1"]
[WhiteTeam "Hamburg Diogenes"]
[BlackTeam "Luebeck II"]
[WhiteTeamCountry "GER"]
[BlackTeamCountry "GER"]

1. Nf3 d5 2. g3 Nc6 3. d4 Bg4 4. Bg2 Qd7 5. c4 dxc4 6. d5 Bxf3 7. Bxf3 Ne5 8. Bg2 e6 9. Qd4 Nc6 10. Qxc4 exd5 11. Qb3 Bb4+ 12. Nc3 Nge7 13. 0-0 Bxc3 14. bxc3 b6 15. Rd1 Rd8 16. e4 d4 17. Be3 Na5 18. Qb1 d3 19. Bf1 Qc6 20. Rxd3 0-0 21. Qd1 Nb7 22. Rd4 Qe6 23. Qc2 c5 24. Rxd8 Rxd8 25. Rd1 Rf8 26. Qa4 Na5 27. Bxc5 bxc5 28. Qxa5 Qxe4 29. Qxa7 Qc2 30. Rd7 Ng6 31. Qxc5 Qxa2 32. Qd4 Qa5 33. Rd5 Qa8 34. c4 Ne7 35. Rd7 Nc6 36. Qd5 Qa4 37. Rc7 Nb4 38. Qf5 Qd1 39. c5 Nc2 40. Qd3 Qc1 41. Qc4 Qd2 42. Qxf7+ 1-0

[Event "Oberliga Nord N 0910"]
[Site "Germany"]
[Date "2010.04.11"]
[Round "9.4"]
[White "Hamann, Carsten"]
[Black "Koop, Thilo"]
[Result "1/2-1/2"]
[WhiteElo "2164"]
[BlackElo "2140"]
[PlyCount "68"]
[EventDate "2009.10.18"]
[EventType "team-tourn"]
[EventRounds "9"]
[EventCountry "GER"]
[SourceTitle "EXT 2011"]
[Source "ChessBase"]
[SourceDate "2010.11.26"]
[SourceVersion "1"]
[SourceVersionDate "2010.11.26"]
[SourceQuality "1"]
[WhiteTeam "Preetz"]
[BlackTeam "Luebeck"]
[WhiteTeamCountry "GER"]
[BlackTeamCountry "GER"]

1. e4 d6 2. d4 Nf6 3. Nc3 g6 4. Bc4 Bg7 5. Qe2 Nc6 6. e5 Ng4 7. Nf3 dxe5 8. dxe5 Ngxe5 9. Nxe5 Nxe5 10. Bb3 Nc6 11. Be3 0-0 12. Rd1 Bd7 13. 0-0 Qc8 14. Rfe1 e5 15. Nd5 Kh8 16. Qd2 Nd4 17. Bxd4 exd4 18. Qf4 c6 19. Nf6 Qd8 20. Rxd4 Bxf6 21. Rd6 Bg7 22. Qd2 Qb6 23. Rxd7 Rad8 24. c3 Bf6 25. Qd6 Kg7 26. g3 a5 27. Re2 Rxd7 28. Qxd7 Qb5 29. Re8 Qf5 30. Qxb7 Bd4 31. Re2 Re8 32. Qa6 Qf3 33. Bd1 Bxf2+ 34. Rxf2 Qxd1+ 1/2-1/2

[Event "Oberliga Nord N 0708"]
[Site "Germany"]
[Date "2007.11.25"]
[Round "3.8"]
[White "Koop, Thilo"]
[Black "Roehl, Rainer"]
[Result "1/2-1/2"]
[WhiteElo "2144"]
[BlackElo "2170"]
[PlyCount "76"]
[EventDate "2007.10.21"]
[EventType "team-tourn"]
[EventRounds "9"]
[EventCountry "GER"]
[SourceTitle "EXT 2009"]
[Source "ChessBase"]
[SourceDate "2008.11.26"]
[SourceVersion "1"]
[SourceVersionDate "2008.11.26"]
[SourceQuality "1"]
[WhiteTeam "Luebeck"]
[BlackTeam "Neukloster"]
[WhiteTeamCountry "GER"]
[BlackTeamCountry "GER"]

1. e4 c5 2. Nf3 Nc6 3. Nc3 e6 4. d4 cxd4 5. Nxd4 a6 6. Be2 Nge7 7. f4 Nxd4 8. Qxd4 Nc6 9. Qf2 b5 10. Be3 Bb7 11. Bf3 Rc8 12. 0-0 Na5 13. Bb6 Qxb6 14. Qxb6 Bc5+ 15. Qxc5 Rxc5 16. Rf2 Nc4 17. Nd1 0-0 18. b4 Rc7 19. a4 Rfc8 20. axb5 axb5 21. e5 Bxf3 22. gxf3 d6 23. Nc3 dxe5 24. fxe5 Nxe5 25. Nxb5 Rd7 26. c4 g6 27. c5 Rb8 28. Nd6 Rxb4 29. Ra8+ Kg7 30. f4 Rb1+ 31. Rf1 Rxf1+ 32. Kxf1 Nc6 33. Ra6 Ne7 34. Ne8+ Kh6 35. c6 Rd8 36. Nf6 Kg7 37. Ng4 Rc8 38. Ne5 Kh6 1/2-1/2

[Event "Oberliga Nord N 0506"]
[Site "Germany"]
[Date "2006.01.15"]
[Round "5.5"]
[White "Koop, Thilo"]
[Black "Jaster, Robert"]
[Result "1-0"]
[WhiteElo "2163"]
[BlackElo "2254"]
[PlyCount "143"]
[EventDate "2005.10.23"]
[EventType "team-tourn"]
[EventRounds "9"]
[EventCountry "GER"]
[SourceTitle "EXT 2007"]
[Source "ChessBase"]
[SourceDate "2006.11.23"]
[SourceVersion "1"]
[SourceVersionDate "2006.11.23"]
[SourceQuality "1"]
[WhiteTeam "Luebeck II"]
[BlackTeam "Rostock"]
[WhiteTeamCountry "GER"]
[BlackTeamCountry "GER"]

1. e4 c6 2. d4 d5 3. Nc3 dxe4 4. Nxe4 Nd7 5. Bc4 Ngf6 6. Ng5 e6 7. Qe2 Nb6 8. Bd3 h6 9. N5f3 c5 10. Be3 Qc7 11. Ne5 Nbd7 12. Ngf3 Bd6 13. 0-0-0 Nxe5 14. dxe5 Bxe5 15. Nxe5 Qxe5 16. Bb5+ Bd7 17. Bxd7+ Nxd7 18. Qd2 Qc7 19. Bf4 e5 20. Rhe1 0-0-0 21. Be3 Qc6 22. Qc3 Rhe8 23. Qa3 Kb8 24. Rd2 Rc8 25. Red1 Nb6 26. b3 f5 27. g3 Rf8 28. Qb2 Qc7 29. f4 e4 30. c4 Qe7 31. Qa3 Rc7 32. Rd6 Rfc8 33. h3 Nd7 34. R6d5 g6 35. Rd6 Nf8 36. Qb2 b6 37. Qe5 Qxe5 38. fxe5 Re8 39. Rf6 Rh7 40. h4 h5 41. Rd5 Kb7 42. Bf4 Rhe7 43. Rdd6 e3 44. Kd1 e2+ 45. Ke1 Ne6 46. Kxe2 Nd4+ 47. Kf2 Re6 48. Rxg6 Rxd6 49. Rg7+ Kc6 50. exd6 Ne6 51. Rxa7 Nxf4 52. gxf4 Re4 53. Kf3 Kxd6 54. Rf7 Re1 55. Rxf5 Ra1 56. Rd5+ Ke6 57. Rxh5 Rxa2 58. Rh6+ Kf5 59. Rxb6 Rc2 60. Ke3 Rh2 61. Kd3 Rh3+ 62. Kc2 Rxh4 63. Kc3 Rh3+ 64. Kb2 Rh2+ 65. Ka3 Ke4 66. Rd6 Rh4 67. Rd5 Rxf4 68. Rxc5 Kd4 69. Kb4 Rf8 70. Rd5+ Ke4 71. Rd1 Rb8+ 72. Kc3 1-0

[Event "Schleswig Holstein-ch Vormeister"]
[Site "Schoenberg"]
[Date "2005.??.??"]
[Round "4"]
[White "Roensch, Daniel"]
[Black "Koop, Thilo"]
[Result "1-0"]
[WhiteElo "2021"]
[BlackElo "2152"]
[PlyCount "91"]
[EventDate "2005.10.??"]
[EventType "tourn"]
[EventRounds "9"]
[EventCountry "GER"]
[SourceTitle "EXT 2022"]
[Source "ChessBase"]
[SourceDate "2021.10.06"]
[SourceVersion "1"]
[SourceVersionDate "2021.10.06"]
[SourceQuality "1"]

1. e4 c5 2. c3 b6 3. d4 Bb7 4. Bd3 Nf6 5. Nd2 cxd4 6. cxd4 g6 7. Ne2 Bg7 8. 0-0 0-0 9. f4 Ng4 10. Qb3 d5 11. e5 Ne3 12. Rf3 Nc4 13. g4 Nc6 14. Rh3 Qc8 15. f5 Nxd4 16. Nxd4 Qc5 17. Nxc4 Qxd4+ 18. Ne3 Bxe5 19. Be2 Rac8 20. Qd3 Qb4 21. Ng2 Bxb2 22. Bxb2 Qxb2 23. Rf1 Rc1 24. Nf4 Rxf1+ 25. Bxf1 Qe5 26. Qe3 Qxe3+ 27. Rxe3 e6 28. fxe6 fxe6 29. Nxe6 Re8 30. Kf2 Bc8 31. Nc7 Rf8+ 32. Rf3 Rxf3+ 33. Kxf3 Bb7 34. Kf4 Kf8 35. Ke5 Bc8 36. g5 Kg7 37. Nxd5 h6 38. h4 Bd7 39. Bd3 hxg5 40. hxg5 Be8 41. a3 Bd7 42. Kd6 Bf5 43. Bxf5 gxf5 44. Ke5 Kg6 45. Kf4 b5 46. Nc7 1-0

[Event "Oberliga Nord N 0304"]
[Site "Germany"]
[Date "2004.03.28"]
[Round "8.8"]
[White "Koop, Thilo"]
[Black "Schuett, Wilhelm"]
[Result "0-1"]
[WhiteElo "2131"]
[BlackElo "2099"]
[PlyCount "58"]
[EventDate "2003.10.12"]
[EventType "team-tourn"]
[EventRounds "9"]
[EventCountry "GER"]
[SourceTitle "EXT 2005"]
[Source "ChessBase"]
[SourceDate "2004.11.15"]
[SourceVersion "1"]
[SourceVersionDate "2004.11.15"]
[SourceQuality "1"]
[WhiteTeam "Luebeck III"]
[BlackTeam "Hamburger SG BUE"]
[WhiteTeamCountry "GER"]
[BlackTeamCountry "GER"]

1. e4 e5 2. Nf3 Nc6 3. Bb5 a6 4. Ba4 Nf6 5. 0-0 Be7 6. Bxc6 dxc6 7. Qe1 Qd6 8. d4 Nd7 9. dxe5 Nxe5 10. Nxe5 Qxe5 11. Nc3 Bd7 12. f4 Qa5 13. Kh1 h5 14. Be3 h4 15. a3 h3 16. g3 Qh5 17. f5 0-0-0 18. Rd1 Rhe8 19. Qf2 Kb8 20. Bf4 Bc8 21. Rxd8 Bxd8 22. Kg1 g5 23. Be3 b6 24. Qd2 Bf6 25. Na4 Rxe4 26. Nxb6 cxb6 27. Bxb6 Qe2 28. Qd6+ Ka8 29. Bf2 Qf3 0-1

[Event "Schleswig Holstein-ch M 59th"]
[Site "Buesum"]
[Date "2004.??.??"]
[Round "8"]
[White "Koop, Thilo"]
[Black "Krause, Ullrich"]
[Result "0-1"]
[WhiteElo "2141"]
[BlackElo "2277"]
[PlyCount "46"]
[EventDate "2004.??.??"]
[EventType "swiss"]
[EventRounds "9"]
[EventCountry "GER"]
[SourceTitle "EXT 2010"]
[Source "ChessBase"]
[SourceDate "2010.11.25"]
[SourceVersion "1"]
[SourceVersionDate "2010.11.25"]
[SourceQuality "1"]

1. e4 e6 2. d4 d5 3. Nc3 Nf6 4. Bg5 Be7 5. e5 Nfd7 6. h4 0-0 7. Nf3 f5 8. exf6 Nxf6 9. Bd3 c5 10. dxc5 Nbd7 11. Qe2 Nxc5 12. 0-0-0 b5 13. Kb1 b4 14. Bxf6 gxf6 15. Ne4 Nxd3 16. Qxd3 dxe4 17. Qxe4 Qb6 18. Qg4+ Kh8 19. Ng5 e5 20. Qe4 fxg5 21. hxg5 Bf5 22. Qxe5+ Kg8 23. Rh6 Qc5 0-1